Savage grace /

Bibliographic Details
Main Author: Robins, Natalie S.
Other Authors: Aronson, Steven M. L.
Format: Book
Language:English
Published: New York : Morrow, [1985]
Edition:1st ed.
Subjects:

MARC

Tag First Indicator Second Indicator Subfields
LEADER 00000cam a2200000 a 4500
001 in00000014961
005 20151007052930.0
008 850318s1985 nyuac 00010beng
010 |a  85007117  
020 |a 0688043739 
035 |a (OCoLC)11866617 
035 |9 AAA9767AM 
040 |a DLC  |c DLC  |d m/c  |d TXA  |d UtOrBLW 
043 |a n-us--- 
049 |a TXAM  |c [A11057902] 
050 0 0 |a HV6248.B18  |b R6 1985 
082 0 |a 364.1/523/0924  |a B  |2 19 
100 1 |a Robins, Natalie S. 
245 1 0 |a Savage grace /  |c Natalie Robins & Steven M.L. Aronson. 
250 |a 1st ed. 
264 1 |a New York :  |b Morrow,  |c [1985] 
264 4 |c ©1985 
300 |a 492 pages :  |b illustrations, portraits ;  |c 24 cm. 
336 |a text  |b txt  |2 rdacontent 
337 |a unmediated  |b n  |2 rdamedia 
338 |a volume  |b nc  |2 rdacarrier 
600 1 0 |a Baekeland, Antony. 
650 0 |a Crime  |z United States  |x Biography. 
650 0 |a Murder  |z United States  |v Case studies. 
650 0 |a Criminals  |z United States  |v Biography. 
700 1 |a Aronson, Steven M. L. 
999 |a MARS 
999 f f |s b6a39abe-d58f-3132-864e-3a165931412f  |i 4c61718a-fde2-3aab-9f05-907f3b195045  |t 0 
952 f f |p ric  |a Texas A&M University  |b Rellis Campus  |c Joint Library Facility  |d Remote Storage  |t 0  |e HV6248.B18 R6 1985  |h Library of Congress classification  |i unmediated -- volume  |m A14811057902 
998 f f |a HV6248.B18 R6 1985  |t 0  |l Remote Storage